Normal view MARC view
  • BHISE, DR. S.B. YADAV, DR. A.V. AND BURKUL, M.S

Entry Personal Name

Number of records used in: 1

001 - CONTROL NUMBER

  • control field: 8360

003 - CONTROL NUMBER IDENTIFIER

  • control field: JRU

005 - DATE AND TIME OF LATEST TRANSACTION

  • control field: 20240109150608.0

008 - FIXED-LENGTH DATA ELEMENTS

  • fixed length control field: 240109|| aca||aabn | a|a d

040 ## - CATALOGING SOURCE

  • Original cataloging agency: JRU
  • Transcribing agency: JRU

100 ## - HEADING--PERSONAL NAME

  • Personal name: BHISE, DR. S.B. YADAV, DR. A.V. AND BURKUL, M.S

670 ## - SOURCE DATA FOUND

  • Source citation: Work cat.: (JRU)5940: BHISE, DR. S.B. YADAV, DR. A.V. AND BURKUL, M.S., ANATOMY, PHYSIOLOGY AND HEALTH EDUCATION